000
00363nam a2200181Ia 4500
100
_a
Roberts/Gordon W
650
_a
Spice
250
_a
2
942
_c
RB
366
_f
17.5
654
_a
spice
245
_a
SPICE
260
_b
Oxford university press
_a
Mumbai
_c
1997
082
_a
621.3815/ROB
_b
ROB
300
_a
447
546
_a
ENGLISH
999
_c
19410
_d
19410